Discurso leido en la solemne inauguración del año academico de 1884 a 1885 en la universidad literaria de Granada / (Record no. 167409)

MARC details
000 -LEADER
campo de control de longitud fija 00754nam a22001815i 4500
001 - NÚMERO DE CONTROL
campo de control 167409
003 - IDENTIFICADOR DE NÚMERO DE CONTROL
campo de control ES-MaACL
005 - FECHA Y HORA DE LA ÚLTIMA TRANSACCIÓN
campo de control 20250930063148.0
008 - DATOS DE LONGITUD FIJA--INFORMACIÓN GENERAL
campo de control de longitud fija 960320s1884 sp |||| | spa d
040 ## - FUENTE DE CATALOGACIÓN
Centro catalogador/agencia de origen CLM
Lengua de catalogación spa
Centro/agencia transcriptor CCPB | SIC
100 1# - ENTRADA PRINCIPAL--NOMBRE DE PERSONA
Nombre de persona Vico y Bravo, Juan de Dios,
Fechas asociadas al nombre 1845-1908
9 (RLIN) 133674
245 10 - MENCIÓN DEL TÍTULO
Título Discurso leido en la solemne inauguración del año academico de 1884 a 1885 en la universidad literaria de Granada /
Mención de responsabilidad, etc. Juan de Dios Vico y Brabo.
260 ## - PUBLICACIÓN, DISTRIBUCIÓN, ETC.
Lugar de publicación, distribución, etc. Granada :
Nombre del editor, distribuidor, etc. [s.n.],
Fecha de publicación, distribución, etc. 1884 (
Fabricante Imp. de Ventura Sabatel)
300 ## - DESCRIPCIÓN FÍSICA
Extensión 59 p. ;
Dimensiones 31 cm.
710 2# - ENTRADA AGREGADA--NOMBRE DE ENTIDAD CORPORATIVA
Nombre de entidad corporativa o nombre de jurisdicción como elemento de entrada Universidad Literaria de Granada.
9 (RLIN) 153703
852 ## - LOCALIZACIÓN
Ubicación ES-MaACL
Número de control de estantería T-391-F-8
Nota libre -- Enc. hol., falto de la enc. original
-- -- Enc. en un vol. facticio
Holdings
Estatus retirado Estado de pérdida Estado de daño No para préstamo Colección Biblioteca de origen Biblioteca actual Ubicación en estantería Fecha de adquisición Total de préstamos Signatura topográfica completa Código de barras Visto por última vez Precio de reemplazo Tipo de ítem Koha
        Colección de folletos Biblioteca del Ateneo de Madrid Biblioteca del Ateneo de Madrid Depósito folletos 17/01/2008   T-391-F-8 1175621 23/02/2023 23/02/2023 Folleto